000 00575nam a2200193 i 4500
001 23841
003 ES-MaACL
005 20230906152938.0
007 t|
008 021212s1897 fr ||||1| fre d
100 1 _aAndler, Charles.
_921494
245 1 4 _aLes origines du socialisme d'etat en Allemagne /
_cpar Charles Andler.
260 _aParis :
_bAlian,
_c1897.
300 _a495 p. ;
_c22 cm.
490 1 _aBibliothèque d'histoire contemporaine
830 0 _aBibliothèque d'histoire contemporaine
_9180875
852 _aES-MaACL
_jG-7549
999 _c23841
_d23841